000 00959nam a2200265Ia 4500
003 OSt
005 20220923211536.0
006 a|||||r|||| 00| 0
007 ta
008 220922b |||||||| |||| 00| 0 hin d
020 _a9789382543329 (hbk)
_c325
024 _a289,575
037 _b100, 09/03/2016, Mallika Books
_cTextual
040 _aARTS
_cARTS
_bhin
041 _2hin
_ahin
082 _aP152v, Q5
100 _aअनीता देवी, संपा.
245 0 _aहिन्दी भाषा और उसकी लिपि का इतिहास
246 _aHindī bhāṣhā aur usakī lipi kā itihāsa
260 _aनई दिल्ली
_b ईशा ज्ञानदीप
_c2015
300 _a116पृ.
_ccm.
650 _aहिन्दी भाषा
942 _hP152v, Q5
_cTEXL
_2CC
999 _c300602
_d300602